New explorations in the economics of technical change
Αποθηκεύτηκε σε:
| Άλλοι συγγραφείς: | , |
|---|---|
| Μορφή: | Βιβλίο |
| Γλώσσα: | English |
| Δημοσίευση: |
London ; : New York :
Pinter Publishers,
1990
|
| Θέματα: | |
| Ετικέτες: |
Προσθήκη ετικέτας
Δεν υπάρχουν, Καταχωρήστε ετικέτα πρώτοι!
|
MARC
| LEADER | 00000cam a2200000 i 4500 | ||
|---|---|---|---|
| 001 | 1/33138 | ||
| 008 | 960712s1990 eng d | ||
| 020 | |a 0861871286 | ||
| 035 | |l 10023880 | ||
| 040 | |a GR-MY-UA |b gre |e aacr | ||
| 041 | 0 | |a eng | |
| 082 | 0 | |a 338.064 |2 (20) | |
| 245 | 1 | 0 | |a New explorations in the economics of technical change / |c edited by C. Freeman and L. Soete |
| 260 | |a London ; : |a New York : |b Pinter Publishers, |c 1990 | ||
| 300 | |a x, 262 p.; |b ill.; |c 24 cm. | ||
| 500 | |a Based on papers prepared for a conference held at the University of Limburg, Nov. 1989 | ||
| 504 | |a Includes bibliographical references and index | ||
| 650 | 0 | 0 | |a Technological innovations |x Economic aspects |x Congresses. |
| 650 | 0 | 0 | |a Diffusion of innovations |x Congresses. |
| 700 | 1 | |a Freeman, Chris. |4 edt | |
| 700 | 1 | |a Soete, Luc. |4 edt | |
| 852 | |a INST |b CHIOS |e 19960712 |h 338.064 NEW |p 005200002341 |q 005200002341 |t BK |y 0 | ||
| 909 | |a Χ |b 031160 | ||